Strength of materials (Record no. 5524)

MARC details
000 -LEADER
fixed length control field 00470nam a2200169Ia 4500
003 - CONTROL NUMBER IDENTIFIER
control field SGT
020 ## - INTERNATIONAL STANDARD BOOK NUMBER
International Standard Book Number 9788121928229
082 ## - DEWEY DECIMAL CLASSIFICATION NUMBER
Classification number 620.11
Item number KHU
100 ## - MAIN ENTRY--PERSONAL NAME
Personal name Khurmi,R.S
245 ## - TITLE STATEMENT
Title Strength of materials
260 ## - PUBLICATION, DISTRIBUTION, ETC. (IMPRINT)
Name of publisher, distributor, etc S.Chand
Place of publication, distribution, etc N.Delhi
Year of Publication 2013
300 ## - PAGE DESCRIPTION
No. of Pages 924p.
490 ## - SERIES STATEMENT
Series statement MECHANICAL ENGINEERING
650 ## - SUBJECT ADDED ENTRY--TOPICAL TERM
Topical term or geographic name as entry element SIMPLE STRESSES AND STRAINS, STRESSES AND STRAINS IN BARS OF VARYING SECTIONS, THERMAL STRESSES AND STRAINS
700 ## - ADDED ENTRY--PERSONAL NAME
Personal name Khurmi,N
942 ## - ADDED ENTRY ELEMENTS (KOHA)
Source of classification or shelving scheme Dewey Decimal Classification
Koha item type Books
942 ## - ADDED ENTRY ELEMENTS (KOHA)
-- 13
Holdings
Withdrawn status Lost status Source of classification or shelving scheme Damaged status Not for loan Home library Current library Date acquired SGTU Total Checkouts Total Renewals Full call number Accession No. (Barcode) Date last seen Date last borrowed Bill Date Koha item type
    Dewey Decimal Classification     SGT Engineering Library SGT Engineering Library 30/05/2013 SGTU 18 3 620.11 KHU FE5740 24/12/2024 11/12/2024 09/02/2015 Books
    Dewey Decimal Classification     SGT Engineering Library SGT Engineering Library 30/05/2013 SGTU 3   620.11 KHU FE5741 05/06/2026 05/06/2026 09/02/2015 Books